Ako predať nápad

Podnikanie slovenského podnikateľa v oblasti pekárstva a cukrárstva v USA. Význam ochrany výsledkov svojej práce u našich firiem. Výhody franchisingu. Franchisor predáva svoju jedinečnú podnikateľskú myšlienku - svoju značku, produkt, skúsenosti... Možnosť obchodovania na celom svete.

Gespeichert in:
Bibliographische Detailangaben
1. Verfasser: Štensová, Antónia
Format: Buchkapitel
Sprache:Slowakisch
Schlagworte:
Tags: Tag hinzufügen
Keine Tags, Fügen Sie das erste Tag hinzu!

MARC

LEADER 00000naa$a2200000$$$4500
001 0003034
005 20231002114900.3
041 0 |a slo 
044 |a SK 
245 1 0 |a Ako predať nápad  |c Antónia Štensová 
520 |a Podnikanie slovenského podnikateľa v oblasti pekárstva a cukrárstva v USA. Význam ochrany výsledkov svojej práce u našich firiem. Výhody franchisingu. Franchisor predáva svoju jedinečnú podnikateľskú myšlienku - svoju značku, produkt, skúsenosti... Možnosť obchodovania na celom svete. 
610 2 0 |a podnikanie malé 
610 2 0 |a potravinárstvo 
610 2 0 |a franchising 
610 2 0 |a Slovensko 
610 2 0 |a USA 
100 1 |a Štensová, Antónia